00391nam a2200169Ia 4500003000500000008004100005020001800046040001900064082000700083100002000090245004500110250000600155260002800161300001100189365000900200546001200209STCL221019s9999 xx 000 0 und d a9780321105796 aSTCLcSTCLbEN 222 aDamrosch, David 4aThe Longman anthology British literature a2 bLongmanaNew Yorkc2003 a1037 p b4308 aEnglish